000
00303nam a22001337a 4500
008
170228b xxu||||| |||| 00| 0 eng d
020
_a
9780911910117
041
_a
eng
080
_a
61
100
_a
3
101
_a
SHM
245
_a
THE MERCK MANUAL OF PATIENT SYMPTOMS
_c
PORTER, R.S
942
_2
udc
_c
BK
999
_c
6384
_d
6384